000 00326nam a2200145Ia 4500
008 230718s9999 xx 000 0 und d
041 _aEng.
082 _a332.1
_bBAB-T
100 _aBabcock, Bruce
245 4 _aThe Fous Carinal
260 _aPakistan
_bMc Graw Hill
_c1886
300 _a224
650 _aLaw
999 _c26150
_d26150